书目信息 |
| 题名: |
微机原理与接口技术
|
|
| 作者: | 王晓军 , 徐志宏 编 | |
| 分册: | ||
| 出版信息: | 北京 北京邮电大学出版社 2001.05 |
|
| 页数: | 356页 | |
| 开本: | 26cm | |
| 丛书名: | ||
| 单 册: | ||
| 中图分类: | TP36 | |
| 科图分类: | ||
| 主题词: | 微型计算机--接口设备--高等学校--教材 | |
| 电子资源: | ||
| ISBN: | 7-5635-0497-4 | |
| 000 | 00881nam0 2200253 450 | |
| 001 | 0104884512 | |
| 005 | 20050820171154.88 | |
| 010 | @a7-5635-0497-4@d39.00CNY | |
| 100 | @a20040521d2001 km y0chiy0120 ea | |
| 101 | 0 | @achi |
| 102 | @aCN@b110000 | |
| 105 | @aa a 000yy | |
| 200 | 1 | @a微机原理与接口技术@AWei Ji Yuan Li Yu Jie Kou Ji Shu@f王晓军, 徐志宏编@Fwang xiao jun,xu zhi hong bian |
| 210 | @a北京@c北京邮电大学出版社@d2001.05 | |
| 215 | @a356页@c图@d26cm | |
| 320 | @a有书目。 | |
| 330 | @a本书介绍了微机系统原理、各代处理器的特点、IA-32微处理器的指令系统、主存储器及CPU的接口、输入输出、中断以及常用的微机接口电路等。 | |
| 333 | @a成人高等教育教材 | |
| 606 | 0 | @a微型计算机@x接口设备@x高等学校@x教材 |
| 690 | @aTP36@v4 | |
| 701 | 0 | @a王晓军@Awang xiao jun@4编 |
| 701 | 0 | @a徐志宏@Axu zhi hong@4编 |
| 801 | 0 | @aCN@bQSSK@c20050820 |
| 905 | @a10447@dTP36@eW382 | |
| 微机原理与接口技术/王晓军, 徐志宏编.-北京:北京邮电大学出版社,2001.05 |
| 356页:图;26cm |
| 使用对象:成人高等教育教材 |
| ISBN 7-5635-0497-4:39.00CNY |
| 本书介绍了微机系统原理、各代处理器的特点、IA-32微处理器的指令系统、主存储器及CPU的接口、输入输出、中断以及常用的微机接口电路等。 |
| ● |
| 相关链接 |
|
|
|
正题名:微机原理与接口技术
索取号:TP36/W382
 
预约/预借
| 序号 | 登录号 | 条形码 | 馆藏地/架位号 | 状态 | 备注 |
| 1 | 529871 | 205298710 | 自科库301/301自科库 92排2列3层/ [索取号:TP36/W382] | 在馆 | |
| 2 | 529872 | 205298729 | 自科库301/301自科库 92排2列3层/ [索取号:TP36/W382] | 在馆 | |
| 3 | 529873 | 205298738 | 自科二线404/301自科库 56排1列3层/ [索取号:TP36/W382] | 在馆 |